000 00988nam a22002057a 4500
999 _c34316
_d34316
003 OSt
005 20231103220303.0
008 150408b xxu||||| |||| 00| 0 eng d
040 _cBMC
_aBMC
082 _a658.8068
100 1 _947675
_aHernández Henríquez, Adriana Stephanie
245 1 0 _aPasantía de asistente en el Centro de Desarrollo de la micro y pequeña empresa, CDMYPE UNICAES Santa Ana
_b: informe final
_cAdriana Stephanie Hernández Henríquez
260 _aSanta Ana (El Salvador)
_bUniversidad Católica de El Salvador
_c2023
300 _a1 v. (pág. var.)
_c28 cm
_e+ 1 disco compacto
500 _aPrecede al tít.: Universidad Católica de El Salvador, Facultad de Ciencias Empresariales
502 _aTrabajo de graduación para optar al grado académico de Licenciatura en Mercadeo y Negocios Internacionales
650 2 4 _98652
_aGestión de marketing
710 2 _91067
_aUniversidad Católica de El Salvador
_bFacultad de Ciencias Empresariales
942 _2ddc
_cTG